000 00390nam a2200145Ia 4500
008 231129s1978||||xx |||||||||||||| ||spa||
020 _a84-270-0478-8
040 _bspa
082 _a813 L318g
100 _aLarson Glen A.
245 0 _aGaláctica
260 _c1978
264 _aBarcelona España : Ediciones Martí­nez Roca
942 _2ddc
_cBKS
999 _c14327
_d14327